Name the Birth Flowers by Picture - Statistics

General Stats
  • This quiz has been taken 14 times
  • The average score is 12 of 24
Answer Stats
Picture Answer % Correct
Daffodil
100%
Daisy
100%
Rose
100%
Poppy
92%
Water Lily
83%
Carnation
75%
Holly
75%
Marigold
75%
Iris
67%
Lily of the Valley
58%
Snowdrop
58%
Violet
58%
Crysanthemum
50%
Honeysuckle
50%
Aster
33%
Primrose
33%
Sweet Pea
33%
Morning Glory
25%
Narcissus
25%
Cosmos
17%
Gladiolus
8%
Delphinium
0%
Hawthorn
0%
Jonquil
0%
No matching quizzes found
Score Distribution
Percent of People with Each Score
Percentile by Number Answered
Your Score History
You have not taken this quiz